Регионална библиотека "Любен Каравелов" - Русе

Университет "Проф. д-р Асен Златаров" - Бургас (Запис номер 171228)

MARC детайли
000 -Лидер
Контролно поле с фиксирана дължина 01624nam a2200385 c 4500
003 - Код на организацията, давaща контролен номер
Контролно поле BLK
005 - Дата и час на последна редакция
Контролно поле 20230804095055.0
008 - Елементи от данни с фиксирана дължина
fixed length control field 180411b bul|||||r ||||||| ||bul||
010 ## - Наследен системен номер
LC control number KNG00179481000
020 ## - Международен стандартен номер на книга ISBN
Международен стандартен номер на книга ISBN 978-954-471-211-2
-- издат.: Либра Скорп
040 ## - Източник на каталожния запис
Идентификатор на билиотеката - собственик на записа BLK
041 ## - Код за език
Код за езика на текст/звукозапис или на отделно заглавие Български
Код за езика КДБФ Български
072 #7 - Код за тематичната категория
Код организация bullib
Код за тематична категория Н50
Текст Естествени науки. Математика и др. Н
080 ## - УДК
Текстов определител УДК Университети
УДК код - определител по УДК 378.4
УДК определител (497.231)(062.2)
УДК - код + определител 378.4(497.231)(062.2)
139 ## - Редно поле
Редна дума Университет "Проф. д-р Асен Златаров" - Бургас
Авторски знак Уни - У 63
245 10 - Сведения за заглавието
Заглавие Университет "Проф. д-р Асен Златаров" - Бургас
Подзаглавни данни Половинвековна научна традиция : Юбил. сб.
Редно поле (дума) състав. и ред. Маргарита Тодорова Терзиева.
257 ## - Страна на издаване
Страна на създаване/издаване България
260 ## - Област на издателските данни
-- Бургас
Име на издателя, разпространителя и проч. Либра Скорп
Година на издаване 2013
Печатница Бургас : Информа Принт
300 ## - Физическа характеристика
Страници 144 с.
Илюстрации и др. с ил., портр., факс.
Размери/Мащаб 24 см
380 ## - Жанр
Жанр Обществени науки
500 ## - Общи забележки
Забележка Библиогр.: с. 140-141
650 #4 - Допълнително описание по предмет – тема
Основно описание – тема или топоним Университети - Бургас
9 (RLIN) 264622
651 #4 - Допълнително описание по предмет - топоним
Географско понятие Бургас
9 (RLIN) 178676
653 ## - Ключова дума – ненормативна
Ключова дума университети
653 ## - Ключова дума – ненормативна
Ключова дума Бургас
653 ## - Ключова дума – ненормативна
Ключова дума история
659 ## - Тематичен бюлетин
Тематичен бюлетин Н
700 ## - Други автори (авторска отговорност)
Лично име Терзиева, Маргарита Тодорова
9 (RLIN) 253479
852 ## - Местоположение
Форматна сигнатура Цб 275821
856 4# - Електронен адрес и достъп
Електронен формат pdf - файл
Път до файла /url/
856 4# - Електронен адрес и достъп
Електронен формат pdf - файл
Път до файла /url/
942 ## - АРТИКУЛИ
Вид на библиотечния материал Книги
Скрит в OPAC Не
944 ## - СЪЗДАВАНЕ И РЕДАКЦИЯ на ЗАПИСА
Създаване/Редакция Създаване
Дата на регистрацията/редакция 11.08.2015
Служител, извършил регистрацията/редакцията 30560
Статус, дата на статуса Геновева Генчева
944 ## - СЪЗДАВАНЕ И РЕДАКЦИЯ на ЗАПИСА
Създаване/Редакция Редакция
Дата на регистрацията/редакция 03.12.2015
Служител, извършил регистрацията/редакцията Грета_Цуфелде
999 ## - СИСТЕМНИ КОНТРОЛНИ НОМЕРА
Koha biblionumber 171228
Koha biblioitemnumber 171228
Наличности
Код за отписване Код за изгубен артикул Код за повреда Коз за рестрикции Код за отдаване Артикулен № Име на библиотеката - собственик Име на библиотеката, в която се намира в момента Статус (Текущо местоположение) Дата на вписване в системата Местоположение - отдел Цена в лева Инвентарен номер Систематично азбучна сигнатура Баркод Номер на екземпляра Цена в евро Служебна бележка Служебен тип на артикула
  Не е изгубен Не е повреден без рестрикции ползва се в читалня 290984 Регионална библиотека "Любен Каравелов" Русе Регионална библиотека "Любен Каравелов" Русе Хранилище 2015-08-07 Хранилище 16.00 120000790887 Цб 275821 120000790887 1 8.18 Дост: Dp Вид: Д N: 15 Дата: 30.03.2015 Книги
Vip Innovations Ltd, Rousse, Bulgaria 2025